Tipy pro úspěšné vedení jednání Informácie pre externých predajcov. Tréningový kurz systematického predaja

Priebeh obchodných rokovaní a taktika predchádzania nežiaducim ústupkom.

Salvato in:
Dettagli Bibliografici
Natura: Capitolo di libro
Lingua:ceco
Soggetti:
Tags: Aggiungi Tag
Nessun Tag, puoi essere il primo ad aggiungerne!!

MARC

LEADER 00000naa a2200000 4500
001 r000494
005 20221213090224.3
041 0 |a cze 
044 |a SK 
245 1 0 |a Tipy pro úspěšné vedení jednání  |b Informácie pre externých predajcov. Tréningový kurz systematického predaja 
520 |a Priebeh obchodných rokovaní a taktika predchádzania nežiaducim ústupkom. 
610 2 0 |a rokovania obchodné 
610 2 0 |a psychológia predaja